000 00498cam a22001217a 4500
008 180718b1986 xxu||||| |||| 00| 0 eng d
082 _aA81x54 In2/71/8/PT13A&B/K
100 _aCensus of India 1971
245 _aJammu and Kashmir district census handbook, Kargil: village and town directory, village and townwise primary census abstract
260 _aSrinagar
_bThe Jammu and Kashmir Government
_c1986
300 _a69+p.
440 _aCensus of India 1971. Series-8, Jammu & Kashmir. Parts XIII-A & B
999 _c485088
_d485088